000 00786cam a2200241u 4500
001 6889111
003 ARRUPE
005 20160122113022.0
008 821207s1934 nyubcf 000 0 eng
010 _a 34031284
040 _aDLC
_cCarP
_dDLC
043 _aa-cc---
050 0 0 _aSPC DS710
_b.F65
100 1 _aFleming, Peter,
_d1907-1971.
_921714
245 1 0 _aOne's company;
_ba journey to China,
_cby Fleming, Peter,
260 _aLondon
_bJonathan Cape
_c1934.
300 _a319 p.;
_bincl. front. plates, port., double map.
_c22 cm.
650 0 _aCommunism
_zChina.
_921718
651 0 _aChina
_xDescription and travel.
_921719
651 0 _aManchuria (China)
_xDescription and travel.
_921720
906 _a0
_bcbc
_cpremunv
_du
_encip
_f19
_gy-gencatlg
942 _2lcc
_cMONOGRAPH
999 _c124007
_d124007